| 000 | 00487 a2200169 4500 | ||
|---|---|---|---|
| 003 | OSt | ||
| 005 | 20230916142902.0 | ||
| 008 | 230916b |||||||| |||| 00| 0 eng d | ||
| 020 | _a9789357021913 | ||
| 040 | _coclc | ||
| 082 |
_a822.912 _bSHA/A |
||
| 100 | 1 |
_aShaw, Bernard, _d1856-1950. _94899 |
|
| 245 |
_aArms and the man / _cGeorge Bernard Shaw |
||
| 260 |
_aNew Delhi: _bRupa, _c2023. |
||
| 300 | _a93 p | ||
| 942 |
_2ddc _cBK _h822.912 _iSHA/A _k822.912 _mSHA/A |
||
| 999 |
_c42199 _d42199 |
||